000 00303nam a2200145Ia 4500
100 _aBHATIA/R.C.
650 _aEducation
942 _cBK
366 _f20
245 _aPersonality Development
260 _bAne Books
_aNew Delhi
_c2010
082 _a370.153/BHA
300 _a251
546 _aENGLISH
999 _c21084
_d21084